[Event "Pardubice op rapid 30th"]
[Site "Pardubice"]
[Date "2019.07.17"]
[Round "3"]
[White "Taranik, Olexiy"]
[Black "Sahidi, Samir"]
[Result "0-1"]
[WhiteElo "2124"]
[BlackElo "2369"]
[PlyCount "64"]
[EventDate "2019.07.17"]
[EventType "swiss (rapid)"]
[EventRounds "9"]
[EventCountry "CZE"]
[SourceTitle "CBM 191 Extra"]
[Source "ChessBase"]
[SourceDate "2019.09.30"]
[SourceVersion "1"]
[SourceVersionDate "2019.09.30"]
[SourceQuality "1"]

1. e4 e5 2. Nf3 Nc6 3. Nc3 Bb4 4. Bb5 Bxc3 5. bxc3 d6 6. d4 Bd7 7. 0-0 Nge7 8. Be3 a6 9. Bc4 0-0 10. Nd2 Ng6 11. g3 Qf6 12. Nb3 Rae8 13. Qd2 Bh3 14. Rfe1 Qf3 15. Bf1 Bxf1 16. Rxf1 exd4 17. cxd4 Rxe4 18. Qd1 Nh4 19. Qxf3 Nxf3+ 20. Kg2 Nfxd4 21. Nxd4 Nxd4 22. Bxd4 Rxd4 23. Rfe1 Rc4 24. Re2 Rd8 25. Rae1 g6 26. f4 d5 27. Kf3 Rd6 28. h4 Rdc6 29. Rc1 h5 30. Rd2 R6c5 31. Re2 Rc3+ 32. Kf2 d4 0-1